Math Matter, book 2. (Record no. 927)

MARC details
005 - DATE AND TIME OF LATEST TRANSACTION
control field 20250319092839.0
020 ## - INTERNATIONAL STANDARD BOOK NUMBER
International Standard Book Number 17-602664-9
082 ## - DEWEY DECIMAL CLASSIFICATION NUMBER
Classification number 510 EBO
100 ## - MAIN ENTRY--PERSONAL NAME
Author name EBOS, F.
245 ## - TITLE STATEMENT
Title Math Matter, book 2.
250 ## - EDITION STATEMENT
Edition statement British Colombia Ed.
260 ## - PUBLICATION, DISTRIBUTION, ETC.
Place of publication, distribution, etc. Canada,
Name of publisher, distributor, etc. A Division of International Thomson limited,
Date of publication, distribution, etc. 1989.
300 ## - PHYSICAL DESCRIPTION
Extent 380p.: Ill.;figures.
Other physical details Index
Dimensions 24cm.
700 ## - ADDED ENTRY--PERSONAL NAME
Other authors/Editors PAUL, ZOLIS.
942 ## - ADDED ENTRY ELEMENTS (KOHA)
Source of classification or shelving scheme Dewey Decimal Classification
Koha item type Books
Holdings
Date last seen Total checkouts Full call number Barcode Cost, replacement price Price effective from Koha item type Lost status Source of classification or shelving scheme Damaged status Not for loan Withdrawn status Home library Current library Shelving location Date acquired Cost, normal purchase price
03/19/2025   510 EBO 0000003735 30000.00 03/19/2025 Books   Dewey Decimal Classification       College of Business Education Main Library College of Business Education Main Library General Collection 03/19/2025 10000.00
03/19/2025   510 EBO 0000003736 30000.00 03/19/2025 Books   Dewey Decimal Classification       College of Business Education Main Library College of Business Education Main Library General Collection 03/19/2025 10000.00
03/19/2025   510 EBO 0000003737 30000.00 03/19/2025 Books   Dewey Decimal Classification       College of Business Education Main Library College of Business Education Main Library General Collection 03/19/2025 10000.00
03/19/2025   510 EBO 0000003738 30000.00 03/19/2025 Books   Dewey Decimal Classification       College of Business Education Main Library College of Business Education Main Library General Collection 03/19/2025 10000.00
03/19/2025   510 EBO 0000003739 30000.00 03/19/2025 Books   Dewey Decimal Classification       College of Business Education Main Library College of Business Education Main Library General Collection 03/19/2025 10000.00